000
00234nam a22000857a 4500
008
160708b xxu||||| |||| 00| 0 eng d
100
_9
2451
_a
Slater, H
245
_a
Childcraft Dictionary
260
_a
United kingdom
_b
World Book House
_c
1989
999
_c
2122
_d
2122